000 00997cab a2200325 4500
001 ABS56175
008 090401t1996 xxu||||| |||| 00| 0 eng d
035 _a(Sirsi) u21724
041 _aeng
245 _aFocus `96: M5 Junctions 4-21
260 _c1996
350 _a0
490 _aEstates Gazette
_v(9645) 9 November 1996, 91-114(11)
650 _aBRISTOL
650 _aCHELTENHAM
650 _aGLOUCESTER
650 _aGLOUCESTERSHIRE
650 _aINDUSTRIAL MARKET
650 _aInfrastructure
_96246
650 _aM5 CORRIDOR
650 _aPROPERTY-COMMERCIAL PROPERTY-OFFICE PROPERTY-OFFICE PROPERTY MARKET
650 _aPROPERTY-COMMERCIAL PROPERTY-RETAIL PROPERTY-RETAIL PROPERTY MARKET
650 _aPROPERTY-INFRASTRUCTURE-TRANSPORT INFRASTRUCTURE-ROAD INFRASTRUCTURE
650 _aSHOPPING CENTRES
650 _aTEWKESBURY
650 _aWORCESTER
690 _aPROPERTY-COMMERCIAL PROPERTY-COMMERCIAL PROPERTY MARKET
942 _n0
948 _c04/03/1997
999 _c14568
_d14568